000 00981nam a2200277 a 4500
001
003 DO-SdBNP
005 20211123121133.0
008 100205s2009 dr 000 0 spa d
020 _a9789945427318
040 _aDO-SdBNP
_bspa
_cBPMSU
082 _aRD861.42
_bU26C 2009
_222
100 1 _aUgarte, Manuel,
_d1875-1951
245 1 0 _aCabral :
_bun poeta de América /
_cManuel Ugarte.
260 _aSanto Domingo :
_bSecretaría de Estado de Cultura,
_c2009.
_fMediabyte
300 _a298 p. ;
_c24 cm.
500 _aIncluye datos biográficos del autor en la solapa de la cubierta
590 _aInventariado, 2021/VM
600 1 4 _aCabral, Manuel del
_d1907-1999
_xCrítica e interpretación
650 4 _aPoesía dominicana
_xCrítica e interpretación
650 4 _aLiteratura dominicana
_xHistoria y crítica
650 4 _aPoesía negra
710 2 _aSecretaría de Estado de Cultura (República Dominicana)
910 _a VMateo V.
942 _2ddc
_cBK
999 _c13895
_d13895